000
00294pab a2200109 454500
008
180718b xxu||||| |||| 00| 0 eng d
100
_a
Bajaj, K.K
245
_a
Capital market - special courts should redress grievances
650
_a
Finance, Business
773
_a
Business Standard
909
_a
24091
999
_c
24091
_d
24091